书目信息 |
| 题名: |
世界室外装饰设计资料集 5
|
|
| 作者: | 张景然 主编 | |
| 分册: | ||
| 出版信息: | 北京 中国建筑工业出版社 1992.02 |
|
| 页数: | 240页 | |
| 开本: | 16开 | |
| 丛书名: | ||
| 单 册: | ||
| 中图分类: | TU238.3 | |
| 科图分类: | ||
| 主题词: | 建筑设计 | |
| 电子资源: | ||
| ISBN: | 7-112-02118-9 | |
| 000 | 00578nam0 2200181 45 | |
| 001 | 0012081437 | |
| 005 | 20001208145233.9 | |
| 010 | @a7-112-02118-9@d全套四册:298.00元 | |
| 100 | @a20001208d1992 km y0chiy0120 ea | |
| 101 | 0 | @achi |
| 200 | 1 | @a世界室外装饰设计资料集 5@AShi Jie Shi Wai Zhuang Shi She Ji Zi Liao Ji 5@f张景然等主编@FZhang Jing Ran Deng Zhu Bian |
| 210 | @a北京@c中国建筑工业出版社@d1992.02 | |
| 215 | @a240页@d16开 | |
| 606 | 0 | @a建筑设计 |
| 690 | @aTU238.3@v3 | |
| 701 | 0 | @a张景然@4主编 |
| 801 | @aCN@bPftUser@c20001208 | |
| 905 | @b517347-353@dTU238.3@eZH707:5@f7 | |
| 世界室外装饰设计资料集 5/张景然等主编.-北京:中国建筑工业出版社,1992.02 |
| 240页;16开 |
| ISBN 7-112-02118-9:全套四册:298.00元 |
| ● |
| 相关链接 |
|
|
|
正题名:世界室外装饰设计资料集 5
索取号:TU238.3/ZH707:5
 
预约/预借
| 序号 | 登录号 | 条形码 | 馆藏地/架位号 | 状态 | 备注 |
| 1 | 517353 | 205173532 | 自科二线404/404自科库 25排3列3层/ [索取号:TU238.3/ZH707:5] | 在馆 | |
| 2 | 517374 | 205173747 | 建筑库101/101建筑库 57排4列1层/ [索取号:TU238.3/ZH707:5] | 在馆 | |
| 3 | 517375 | 205173756 | 自科二线404/404自科库 13排6列3层/ [索取号:TU238.3/ZH707:5] | 在馆 | |
| 4 | 517376 | 205173765 | 建筑与城市规划学院资料室/101建筑库 29排4列3层/ [索取号:TU238.3/ZH707:5] | 在馆 | |
| 5 | 517377 | 205173774 | 建筑库101/101建筑库 57排3列5层/ [索取号:TU238.3/ZH707:5] | 在馆 | |
| 6 | 517378 | 205173783 | 建筑库101/101建筑库 57排4列1层/ [索取号:TU238.3/ZH707:5] | 在馆 | |
| 7 | 517379 | 205173792 | 建筑与城市规划学院资料室/101建筑库 29排4列3层/ [索取号:TU238.3/ZH707:5] | 在馆 | |
| 8 | 517380 | 205173809 | 自科二线404/404自科库 13排6列3层/ [索取号:TU238.3/ZH707:5] | 在馆 |